000 00297nam a2200121Ia 4500
008 190216s9999||||xx |||||||||||||| ||und||
100 _aChangampuzha Krishan Pillai
245 0 _aSankalpakanti
260 _bThe Mangalodayam (pvt) Ltd
_c1964
300 _a120p
650 _aKavithkal
942 _cBK
999 _c24224
_d24224